000 00465nam a2200181Ia 4500
001 24678
005 20260414151059.0
008 260414t2013||||xx |||||||||||||| ||spa||
041 _aESP
082 _a345.721
_bP43
100 _aPerales Viscasillas, Pilar
_eAUT
245 0 _aEl seguro de responsabilidad civil en el arbitraje
_b
260 _c2013
300 _axviii, 349 páginas :
_c23 cm.
650 _aDER
654 _aCDE
942 _cLIB
_dJUS
_fJUS
_2ddc
_n
999 _c24678
_d24678